[Event "?"]
[Site "?"]
[Date "????.??.??"]
[Round "?"]
[White "Lie, T."]
[Black "Krebs, D."]
[Result "0-1"]
[WhiteElo "1596"]
[BlackElo "2080"]
[PlyCount "158"]
[EventDate "2013.??.??"]
[WhiteTeam "Norwegen 4"]
[BlackTeam "Schachfreunde Rhein"]

1. d4 Nf6 2. Nc3 d5 3. e3 Bf5 4. Nf3 e6 5. Be2 Nbd7 6. O-O h6 7. b3 c6 8. Bb2
Bd6 9. Nd2 O-O 10. Bf3 Qc7 11. g3 e5 12. dxe5 Nxe5 13. Bg2 Rad8 14. Ne2 Bg4 15.
Qe1 Bb4 16. a3 Ba5 17. b4 Bb6 18. Nd4 Rfe8 19. Rc1 Qd7 20. N4f3 Nxf3+ 21. Nxf3
Qf5 22. Nd4 Qg6 23. c4 dxc4 24. Rxc4 Nd7 25. Rc1 Ne5 26. Qc3 Bxd4 27. exd4 Nd3
28. Rc2 Be2 29. Ra1 Qf5 30. f4 Nxb2 31. Rxb2 Bg4 32. Rd2 Bh3 33. Rad1 Bxg2 34.
Rxg2 Qe4 35. Rgd2 Qe3+ 36. Qxe3 Rxe3 37. Rd3 Rxd3 38. Rxd3 f5 39. Kf2 Kf7 40.
Ke3 Ke6 41. Rc3 Rd5 42. Kd3 Kd6 43. a4 b6 44. Ke3 a5 45. Rb3 b5 46. bxa5 bxa4
47. Ra3 Rxa5 48. Kd3 Kd5 49. Kc3 c5 50. dxc5 Kxc5 51. Ra2 a3 52. Kb3 Kd4 53.
Kb4 Ra6 54. Kb5 Ra8 55. Kb4 Ke3 56. Kc5 Kf3 57. Kd6 Kg4 58. Ke7 Ra6 59. Kd7 h5
60. Kc7 h4 61. Kb7 Ra4 62. gxh4 Kxh4 63. Kb6 Kg4 64. Kb5 Ra8 65. Kc4 Kxf4 66.
Kd4 Ra4+ 67. Kd3 g5 68. Rf2+ Ke5 69. Re2+ Kf6 70. Ra2 f4 71. h3 Kf5 72. Ke2 Ke4
73. Kf2 f3 74. Kg3 Ke3 75. Kh2 Kf4 76. Kg1 Kg3 77. h4 Rb4 78. Ra1 a2 79. Rf1
Rb1 0-1

[Event "?"]
[Site "?"]
[Date "????.??.??"]
[Round "?"]
[White "Weller, K."]
[Black "Tveten, P."]
[Result "1/2-1/2"]
[WhiteElo "1967"]
[BlackElo "1593"]
[PlyCount "91"]
[EventDate "2013.??.??"]
[WhiteTeam "Schachfreunde Rhein"]
[BlackTeam "Norwegen 4"]

1. c4 e5 2. Nc3 Nf6 3. Nf3 d6 4. d4 Nbd7 5. e4 h6 6. Be2 Be7 7. O-O c5 8. dxe5
Nxe5 9. Nxe5 dxe5 10. Qxd8+ Bxd8 11. Be3 b6 12. f3 O-O 13. Rfd1 Be6 14. Rd2 Be7
15. Rad1 Rfd8 16. Nb5 Rxd2 17. Rxd2 a6 18. Nc7 Ra7 19. Nxe6 fxe6 20. a4 Rd7 21.
g3 Rxd2 22. Bxd2 g5 23. Kf2 Kf7 24. a5 Bd8 25. axb6 Bxb6 26. Bc3 Nd7 27. Bd1
Bc7 28. Ke2 Ke7 29. Kd3 Kd6 30. Bd2 Ke7 31. Ba4 Nb8 32. b3 a5 33. Bb5 Bd6 34.
Bxa5 h5 35. h3 Nd7 36. Bd2 g4 37. hxg4 hxg4 38. Bg5+ Nf6 39. Ke3 gxf3 40. Kxf3
Kf7 41. g4 Kg6 42. Bd2 Nh7 43. Bc6 Ng5+ 44. Ke2 Nh3 45. Be8+ Kf6 46. Bc6
1/2-1/2

[Event "?"]
[Site "?"]
[Date "????.??.??"]
[Round "?"]
[White "Hülsmann, J."]
[Black "Förster, J."]
[Result "1-0"]
[WhiteElo "2180"]
[BlackElo "1761"]
[PlyCount "81"]
[EventDate "2013.??.??"]
[WhiteTeam "Mattadore Rheinland"]
[BlackTeam "BSW/DBAG 5"]

1. d4 d5 2. Nf3 c6 3. g3 Nf6 4. Bg2 h6 5. O-O Bf5 6. c4 e6 7. Nc3 Nbd7 8. cxd5
exd5 9. Re1 Be7 10. Nh4 Bh7 11. a3 O-O 12. Bh3 Re8 13. Bf5 Nf8 14. Qc2 Ne6 15.
Be3 Bxf5 16. Nxf5 Ng4 17. Bd2 Bg5 18. h3 Bxd2 19. Qxd2 Nf6 20. Kg2 Ng5 21. f3
Qd7 22. g4 Ne6 23. Rac1 Qc7 24. e3 Kh7 25. Qf2 g6 26. Ng3 Qd6 27. h4 Kg7 28.
Rh1 Qd7 29. Qd2 Nc7 30. h5 g5 31. Nf5+ Kh7 32. Qc2 Re6 33. Rhe1 Ng8 34. Nd6+
Kg7 35. Nxb7 Na6 36. Na5 Rae8 37. Qd3 Nb8 38. Nb3 Qe7 39. e4 dxe4 40. Nxe4 Nf6
41. Nbc5 1-0

[Event "?"]
[Site "?"]
[Date "????.??.??"]
[Round "?"]
[White "Kurka, D."]
[Black "Waldmann, D."]
[Result "1-0"]
[WhiteElo "2069"]
[BlackElo "1452"]
[PlyCount "51"]
[EventDate "2013.??.??"]
[WhiteTeam "Mattadore Rheinland"]
[BlackTeam "BSW/DBAG 5"]

1. d4 d5 2. c4 e6 3. g3 Nf6 4. Nf3 Bb4+ 5. Bd2 Bxd2+ 6. Nbxd2 O-O 7. Bg2 c6 8.
O-O Re8 9. Qc2 Nbd7 10. e4 dxe4 11. Nxe4 Nxe4 12. Qxe4 Qf6 13. Rad1 Qe7 14.
Rfe1 a5 15. d5 c5 16. dxe6 fxe6 17. h4 Ra6 18. Ng5 Nf6 19. Qe5 h6 20. Ne4 Nxe4
21. Bxe4 a4 22. Qh5 e5 23. Bg6 Rd8 24. Rxd8+ Qxd8 25. Rxe5 Be6 26. Rxe6 1-0

[Event "?"]
[Site "?"]
[Date "????.??.??"]
[Round "?"]
[White "Müller, Horst"]
[Black "Neumann, Horst"]
[Result "0-1"]
[WhiteElo "1550"]
[BlackElo "1908"]
[PlyCount "56"]
[EventDate "2013.??.??"]
[WhiteTeam "BSW/DBAG 5"]
[BlackTeam "Mattadore Rheinland"]

1. e4 c6 2. d4 d5 3. e5 Bf5 4. Be2 Qc7 5. Nf3 e6 6. c3 Nd7 7. O-O Ne7 8. h3 c5
9. Na3 a6 10. Nc2 Nc6 11. Be3 Be7 12. Qd2 Rc8 13. Rac1 cxd4 14. Ncxd4 Bg6 15.
Nxc6 bxc6 16. b4 Qb7 17. a3 O-O 18. Bd4 c5 19. bxc5 Nxc5 20. Bxc5 Rxc5 21. Bd3
Bxd3 22. Qxd3 Rc4 23. Rb1 Qc7 24. Rb3 Rb8 25. Rfb1 Rxb3 26. Rxb3 a5 27. Nd2 a4
28. Nxc4 dxc4 0-1